<?xml version="1.0" encoding="UTF-8"?>
<record
    xmlns:xsi="http://www.w3.org/2001/XMLSchema-instance"
    xsi:schemaLocation="http://www.loc.gov/MARC21/slim http://www.loc.gov/standards/marcxml/schema/MARC21slim.xsd"
    xmlns="http://www.loc.gov/MARC21/slim">

  <leader>01930nam a2200289 a 4500</leader>
  <controlfield tag="001">000045234</controlfield>
  <controlfield tag="003">DO-SdBNP</controlfield>
  <controlfield tag="005">20240314073720.0</controlfield>
  <controlfield tag="007">ta</controlfield>
  <controlfield tag="008">150212e1987    dr ahocgr     001 edspa d</controlfield>
  <datafield tag="040" ind1=" " ind2=" ">
    <subfield code="a">DO-SdBNP</subfield>
    <subfield code="b">spa</subfield>
    <subfield code="c">BNPHU</subfield>
  </datafield>
  <datafield tag="082" ind1=" " ind2="4">
    <subfield code="b">M375D</subfield>
    <subfield code="2">22</subfield>
  </datafield>
  <datafield tag="100" ind1="1" ind2=" ">
    <subfield code="a">Marte, Roberto</subfield>
    <subfield code="9">12699</subfield>
  </datafield>
  <datafield tag="245" ind1="1" ind2="0">
    <subfield code="a">Juan Pablo Duarte y la Venezuela de su Epoca :</subfield>
    <subfield code="b">(contribuci&#xF3;n al estudio de su vida en los Llanos de Apure) /</subfield>
    <subfield code="c">Roberto Marte, Luis Cordero Vel&#xE1;squez; introducci&#xF3;n, Luis Juli&#xE1;n P&#xE9;rez.</subfield>
  </datafield>
  <datafield tag="260" ind1=" " ind2=" ">
    <subfield code="a">Santo Domingo :</subfield>
    <subfield code="b">Banco Central de la Rep&#xFA;blica Dominicana,</subfield>
    <subfield code="c">1987</subfield>
  </datafield>
  <datafield tag="300" ind1=" " ind2=" ">
    <subfield code="a">153 p. :</subfield>
    <subfield code="b">il., ret. fasc., fotogr. ;</subfield>
    <subfield code="c">23 cm.</subfield>
  </datafield>
  <datafield tag="500" ind1=" " ind2=" ">
    <subfield code="a">Incluye datos biogr&#xE1;fico de los autores en la contracubierta.</subfield>
  </datafield>
  <datafield tag="500" ind1=" " ind2=" ">
    <subfield code="a">Incluye bibliograf&#xED;a y notas al pie de p&#xE1;ginas</subfield>
  </datafield>
  <datafield tag="505" ind1=" " ind2=" ">
    <subfield code="a">Introducci&#xF3;n</subfield>
    <subfield code="t">Palabras liminares.--</subfield>
    <subfield code="t">El exilio de Duarte.--</subfield>
    <subfield code="t">Una investigaci&#xF3;n demandada.--</subfield>
    <subfield code="t">Duarte se interna en al Amazonas.--</subfield>
    <subfield code="t">El libertador Dominicano e el pa&#xED;s llanero.--</subfield>
    <subfield code="t">La misi&#xF3;n investigadora en pos de las huellas duartianas en Venezuela.--</subfield>
    <subfield code="t">&#xBF;Por qu&#xE9; Achaguas?.--</subfield>
    <subfield code="t">La agitaci&#xF3;n social y los cambios pol&#xED;ticos en Venezuela.--</subfield>
    <subfield code="t">Duarte y el descontento social venezolano.--</subfield>
    <subfield code="t">Duarte y la situaci&#xF3;n de Achaguas y del Apure de su &#xE9;poca.--</subfield>
    <subfield code="t">El inigm&#xE1;tico transcurrir de Duarte en los Llanos venezolanos.--</subfield>
    <subfield code="t">La insurgencia social en Venezuela a mediados del Siglo XIX.--</subfield>
    <subfield code="t">La joven Achaguas.--</subfield>
    <subfield code="t">Marcelino Mu&#xF1;oz en apure. Su deseo.--</subfield>
    <subfield code="t">Estalla la guerra federal.--</subfield>
    <subfield code="t">Duarte pierde sus documentos.--</subfield>
    <subfield code="t">Ap&#xE9;ndice.--</subfield>
    <subfield code="t">Manifiestos probatorios de la investigaci&#xF3;n Duartiana en los archivos de Apure.--</subfield>
  </datafield>
  <datafield tag="590" ind1=" " ind2=" ">
    <subfield code="a">Inventariado 2023 / MF</subfield>
  </datafield>
  <datafield tag="600" ind1="1" ind2="0">
    <subfield code="a">Duarte, Juan Pablo,   </subfield>
    <subfield code="d">1813-1876</subfield>
    <subfield code="v">Biograf&#xED;a</subfield>
    <subfield code="9">1494</subfield>
  </datafield>
  <datafield tag="650" ind1=" " ind2=" ">
    <subfield code="a">Duarte</subfield>
    <subfield code="v">Biograf&#xED;a</subfield>
    <subfield code="z">Rep&#xFA;blica Dominicana</subfield>
    <subfield code="9">83083</subfield>
  </datafield>
  <datafield tag="700" ind1="1" ind2=" ">
    <subfield code="a">Cordero Vel&#xE1;squez, Luis</subfield>
    <subfield code="9">73253</subfield>
  </datafield>
  <datafield tag="700" ind1=" " ind2="2">
    <subfield code="a">P&#xE9;rez, Luis Juli&#xE1;n,</subfield>
    <subfield code="e">intr.</subfield>
    <subfield code="9">14856</subfield>
  </datafield>
  <datafield tag="910" ind1=" " ind2=" ">
    <subfield code="a">MFeliz</subfield>
  </datafield>
  <datafield tag="942" ind1=" " ind2=" ">
    <subfield code="2">ddc</subfield>
    <subfield code="c">LBS1</subfield>
  </datafield>
  <datafield tag="952" ind1=" " ind2=" ">
    <subfield code="0">0</subfield>
    <subfield code="1">0</subfield>
    <subfield code="2">ddc</subfield>
    <subfield code="5">1</subfield>
    <subfield code="7">0</subfield>
    <subfield code="8">PD</subfield>
    <subfield code="a">BNPHU</subfield>
    <subfield code="b">BNPHU</subfield>
    <subfield code="c">CT</subfield>
    <subfield code="d">2015-02-12</subfield>
    <subfield code="e">Perteneci&#xF3; a la biblioteca personal del Dr. Guaroa Ginebra H.</subfield>
    <subfield code="o">M375D</subfield>
    <subfield code="p">45234-10</subfield>
    <subfield code="r">2020-06-25</subfield>
    <subfield code="w">2020-06-25</subfield>
    <subfield code="y">LBS1</subfield>
  </datafield>
  <datafield tag="952" ind1=" " ind2=" ">
    <subfield code="0">0</subfield>
    <subfield code="1">0</subfield>
    <subfield code="2">ddc</subfield>
    <subfield code="5">1</subfield>
    <subfield code="7">0</subfield>
    <subfield code="8">PD</subfield>
    <subfield code="a">BNPHU</subfield>
    <subfield code="b">BNPHU</subfield>
    <subfield code="c">CT</subfield>
    <subfield code="d">2019-07-03</subfield>
    <subfield code="e">Perteneci&#xF3; a la biblioteca personal de la Familia Reyes Duluc.</subfield>
    <subfield code="o">M375D</subfield>
    <subfield code="p">45234-20</subfield>
    <subfield code="r">2020-06-25</subfield>
    <subfield code="t">e.2</subfield>
    <subfield code="w">2020-06-25</subfield>
    <subfield code="y">LBS1</subfield>
  </datafield>
  <datafield tag="952" ind1=" " ind2=" ">
    <subfield code="0">0</subfield>
    <subfield code="1">0</subfield>
    <subfield code="2">ddc</subfield>
    <subfield code="5">6</subfield>
    <subfield code="7">0</subfield>
    <subfield code="8">DS</subfield>
    <subfield code="a">BNPHU</subfield>
    <subfield code="b">BNPHU</subfield>
    <subfield code="c">CT</subfield>
    <subfield code="d">2022-02-09</subfield>
    <subfield code="e">Donado por V&#xED;ctor Hugo</subfield>
    <subfield code="o">M375D</subfield>
    <subfield code="p">2023-0725</subfield>
    <subfield code="r">2023-02-07</subfield>
    <subfield code="t">e.3</subfield>
    <subfield code="w">2023-02-07</subfield>
    <subfield code="y">LBS1</subfield>
    <subfield code="z">Ejemplar autografiado por el autor</subfield>
  </datafield>
  <datafield tag="999" ind1=" " ind2=" ">
    <subfield code="c">44723</subfield>
    <subfield code="d">44723</subfield>
  </datafield>
</record>
